[Event "10. Torneo I. Cidade de Pontevedra 2022"]
[Site "Pontevedra ESP"]
[Date "2022.07.25"]
[Round "3.18"]
[White "Bringas Gomez, Artai"]
[Black "Vidal Del Rio, Diego"]
[Result "1-0"]
[WhiteElo "2203"]
[BlackElo "2041"]
[PlyCount "51"]
[EventDate "2022.07.24"]
[EventType "swiss"]
[EventRounds "9"]
[EventCountry "ESP"]
[SourceTitle "Ajedrez en Madrid"]
[Source "lmi"]
[SourceDate "2022.07.24"]
[SourceVersion "1"]
[SourceVersionDate "2022.08.06"]
[SourceQuality "1"]

1. d4 Nf6 2. c4 e5 3. dxe5 Ne4 4. a3 d6 5. Qc2 Bf5 6. Nc3 Nxf2 7. Qxf5 Nxh1 8.
e6 fxe6 9. Qxe6+ Be7 10. g3 Nd7 11. Be3 Nf6 12. Bg2 Nxg3 13. hxg3 Qd7 14. Qxd7+
Kxd7 15. Bh3+ Ke8 16. Nb5 Bd8 17. Bg2 Kd7 18. Bxb7 Rb8 19. Bg2 a6 20. Ba7 axb5
21. Bxb8 c5 22. O-O-O Be7 23. Bh3+ Kc6 24. cxb5+ Kxb5 25. Bxd6 Re8 26. Be5 1-0

[Event "10. Torneo I. Cidade de Pontevedra 2022"]
[Site "Pontevedra ESP"]
[Date "2022.07.25"]
[Round "3.19"]
[White "Torres Boch, Jose Francisco"]
[Black "Blanco Garcia, Liliam Barbara"]
[Result "1-0"]
[WhiteElo "2188"]
[BlackElo "2031"]
[PlyCount "73"]
[EventDate "2022.07.24"]
[EventType "swiss"]
[EventRounds "9"]
[EventCountry "ESP"]
[SourceTitle "Ajedrez en Madrid"]
[Source "lmi"]
[SourceDate "2022.07.24"]
[SourceVersion "1"]
[SourceVersionDate "2022.08.06"]
[SourceQuality "1"]

1. e4 e5 2. Nf3 Nc6 3. Bb5 a6 4. Ba4 Nf6 5. O-O Be7 6. Re1 b5 7. Bb3 d6 8. c3
O-O 9. h3 Bb7 10. d4 Nd7 11. Nbd2 exd4 12. cxd4 Bf6 13. Nf1 Na5 14. Bc2 Re8 15.
Rb1 c5 16. d5 Nc4 17. N3h2 Qa5 18. Ng4 Bd4 19. Ng3 Bxd5 20. b3 Qxa2 21. bxc4
Bxc4 22. Nf5 Ne5 23. Nge3 Qa5 24. Nxd6 Rad8 25. Nb7 Qc7 26. Nxd8 Rxd8 27. Nd5
Qd6 28. Be3 Nc6 29. Bb3 Bxb3 30. Qxb3 c4 31. Qa2 Bxe3 32. Nxe3 Nb4 33. Qa3 Nd3
34. Qxd6 Rxd6 35. Re2 Nc5 36. Nxc4 Rd4 37. Rd2 1-0

[Event "10. Torneo I. Cidade de Pontevedra 2022"]
[Site "Pontevedra ESP"]
[Date "2022.07.25"]
[Round "3.20"]
[White "Reguillaga Elias, Manex"]
[Black "Deleyn, Gunter"]
[Result "1-0"]
[WhiteElo "1901"]
[BlackElo "2181"]
[PlyCount "61"]
[EventDate "2022.07.24"]
[EventType "swiss"]
[EventRounds "9"]
[EventCountry "ESP"]
[SourceTitle "Ajedrez en Madrid"]
[Source "lmi"]
[SourceDate "2022.07.24"]
[SourceVersion "1"]
[SourceVersionDate "2022.08.06"]
[SourceQuality "1"]

1. d4 Nf6 2. c4 e6 3. Nc3 Bb4 4. Qc2 d5 5. e3 O-O 6. Nf3 c5 7. a3 Bxc3+ 8. bxc3
Nc6 9. Bd3 Qc7 10. O-O dxc4 11. Bxc4 Na5 12. Bd3 c4 13. Be2 Bd7 14. Ne5 Nb3 15.
Ra2 b5 16. a4 a6 17. e4 Nxc1 18. Rxc1 Rfc8 19. Nxd7 Qxd7 20. Rb1 Rab8 21. axb5
axb5 22. Rab2 Qc6 23. f3 e5 24. Kh1 Nd7 25. Rb4 Rb6 26. Qb2 Rcb8 27. Qd2 f6 28.
Qe3 Qd6 29. Rxb5 Rc8 30. Rxb6 Nxb6 31. d5 1-0

[Event "10. Torneo I. Cidade de Pontevedra 2022"]
[Site "Pontevedra ESP"]
[Date "2022.07.25"]
[Round "3.21"]
[White "Gomez Carreno, Martin"]
[Black "Antonano Fernandez-Quincoces, Av"]
[Result "1-0"]
[WhiteElo "2155"]
[BlackElo "1981"]
[PlyCount "57"]
[EventDate "2022.07.24"]
[EventType "swiss"]
[EventRounds "9"]
[EventCountry "ESP"]
[SourceTitle "Ajedrez en Madrid"]
[Source "lmi"]
[SourceDate "2022.07.24"]
[SourceVersion "1"]
[SourceVersionDate "2022.08.06"]
[SourceQuality "1"]

1. e4 c5 2. Nc3 g6 3. Nge2 Nc6 4. d4 cxd4 5. Nxd4 Bg7 6. Be3 Nf6 7. Bc4 O-O 8.
Bb3 a5 9. f3 a4 10. Nxa4 d5 11. Nxc6 bxc6 12. Nb6 Ra6 13. Nxc8 Qxc8 14. O-O
dxe4 15. Bc5 exf3 16. Rxf3 Re8 17. Bc4 Ra5 18. b4 Rxc5 19. bxc5 Qg4 20. Bxf7+
Kxf7 21. Rxf6+ Bxf6 22. Qxg4 Bxa1 23. Qf3+ Bf6 24. g4 h6 25. Qxc6 Rd8 26. Qb5
Rd5 27. Qb3 e6 28. c6 Bd4+ 29. Kf1 1-0

[Event "10. Torneo I. Cidade de Pontevedra 2022"]
[Site "Pontevedra ESP"]
[Date "2022.07.25"]
[Round "3.22"]
[White "Sanroman Costas, Mauro"]
[Black "Persson, Andreas"]
[Result "1/2-1/2"]
[WhiteElo "1934"]
[BlackElo "2154"]
[PlyCount "116"]
[EventDate "2022.07.24"]
[EventType "swiss"]
[EventRounds "9"]
[EventCountry "ESP"]
[SourceTitle "Ajedrez en Madrid"]
[Source "lmi"]
[SourceDate "2022.07.24"]
[SourceVersion "1"]
[SourceVersionDate "2022.08.06"]
[SourceQuality "1"]

1. e4 c6 2. d4 d5 3. e5 c5 4. dxc5 e6 5. a3 Bxc5 6. b4 Bb6 7. Nf3 Ne7 8. Bd3
Nd7 9. Bb2 Ng6 10. g3 Bc7 11. Qe2 Nb6 12. Nbd2 Bd7 13. h4 Ne7 14. Rc1 a6 15.
O-O Nc6 16. Rfd1 Qe7 17. Nb3 Na4 18. Ba1 Na7 19. Nbd4 b5 20. Ng5 g6 21. f4 Nc8
22. Kg2 Ncb6 23. f5 gxf5 24. Nxf5 exf5 25. e6 fxe6 26. Qh5+ Kd8 27. Bxh8 Kc8
28. Re1 Nc4 29. Bxc4 dxc4 30. Qf3 Kb8 31. Be5 Bxe5 32. Rxe5 Qd6 33. Qe3 Nb6 34.
Re1 Kb7 35. Nxe6 Bc6+ 36. Kh2 Rg8 37. Nc5+ Ka8 38. Nxa6 Nd5 39. Qc5 Qg6 40. Qf2
Nf6 41. Qf4 Ng4+ 42. Kh3 Nxe5 43. Qxe5 Qg4+ 44. Kh2 Rd8 45. Qe3 Rd4 46. Nc7+
Kb7 47. Ne6 f4 48. Nxf4 Re4 49. Qf2 Rxe1 50. Qxe1 Qf3 51. Qe7+ Ka6 52. Qe1 c3
53. Qg1 Be4 54. Qe1 Kb7 55. h5 Kc6 56. Qg1 Kb7 57. Qe1 Kc6 58. Qg1 Kb7 1/2-1/2

[Event "10. Torneo I. Cidade de Pontevedra 2022"]
[Site "Pontevedra ESP"]
[Date "2022.07.25"]
[Round "3.23"]
[White "Gonzalez Carro, Victor"]
[Black "Roque Sola, Jose Luis"]
[Result "0-1"]
[WhiteElo "1808"]
[BlackElo "2098"]
[PlyCount "110"]
[EventDate "2022.07.24"]
[EventType "swiss"]
[EventRounds "9"]
[EventCountry "ESP"]
[SourceTitle "Ajedrez en Madrid"]
[Source "lmi"]
[SourceDate "2022.07.24"]
[SourceVersion "1"]
[SourceVersionDate "2022.08.06"]
[SourceQuality "1"]

{[%evp 0,39,23,19,46,52,45,0,0,39,20,18,18,-29,-24,-24,-16,-50,-13,-6,22,17,25,
32,36,27,47,63,61,4,38,-9,17,33,26,-42,41,40,80,32,71,-84]} 1. e4 c5 2. Nf3 Nc6
3. d4 cxd4 4. Nxd4 e5 5. Nb5 d6 6. c4 Be7 7. N5c3 f5 8. exf5 Bxf5 9. Bd3 Be6
10. Nd5 Nf6 11. Nbc3 Qd7 12. Be3 Rc8 13. O-O O-O 14. a3 b6 15. Qc2 h6 16. Rad1
Na5 17. b3 Kh8 18. Bg6 Qb7 19. Nxe7 Qxe7 20. Qb1 Ng4 21. Rd3 Qf6 22. Be4 Nxb3
23. Nd5 Bxd5 24. Bxd5 Qh4 25. h3 Nxe3 26. Rxe3 Nd4 27. Re4 Qh5 28. Qd3 Rf4 29.
Rxf4 Ne2+ 30. Kh2 Nxf4 31. Qd2 Qf5 32. Rd1 Nxd5 33. Qxd5 Qxf2 34. Qxd6 Qf4+ 35.
Kh1 Rxc4 36. Qb8+ Kh7 37. Qxa7 Ra4 38. Qxb6 Rxa3 39. Re1 Rd3 40. Qe6 Re3 41.
Rxe3 Qxe3 42. Qf5+ Kg8 43. Qe6+ Kf8 44. Qd6+ Kf7 45. Qd7+ Kf6 46. Qd6+ Kf5 47.
Qd7+ Ke4 48. Qb7+ Kd3 49. Qb3+ Ke2 50. Qc2+ Kf1 51. Qd1+ Kf2 52. Qc2+ Qe2 53.
Qf5+ Ke1 54. Qb1+ Qd1 55. Qe4+ Kf2+ 0-1

[Event "10. Torneo I. Cidade de Pontevedra 2022"]
[Site "Pontevedra ESP"]
[Date "2022.07.25"]
[Round "3.24"]
[White "Gonzalez Perez, Jose Ramon"]
[Black "Cabanas Rodriguez, Roi"]
[Result "1-0"]
[WhiteElo "2161"]
[BlackElo "1945"]
[PlyCount "107"]
[EventDate "2022.07.24"]
[EventType "swiss"]
[EventRounds "9"]
[EventCountry "ESP"]
[SourceTitle "Ajedrez en Madrid"]
[Source "lmi"]
[SourceDate "2022.07.24"]
[SourceVersion "1"]
[SourceVersionDate "2022.08.06"]
[SourceQuality "1"]

{[%evp 0,47,23,23,23,23,60,39,66,17,45,38,38,18,25,22,28,19,13,3,12,-6,22,-10,
-2,-2,-13,-11,11,-19,-7,-27,-19,-36,-19,-27,-12,-30,-23,-23,-23,-23,-11,-4,-4,
-12,-30,-54,52,68]} 1. d4 Nf6 2. Nf3 c5 3. e3 g6 4. Bd3 Bg7 5. O-O O-O 6. c3 b6
7. e4 Bb7 8. Re1 d6 9. Nbd2 e6 10. Nf1 Nbd7 11. Ng3 Qc7 12. Bg5 h6 13. Bd2 e5
14. Rc1 Rae8 15. h4 h5 16. d5 c4 17. Bc2 b5 18. Bg5 Ng4 19. Nh2 Ndf6 20. Ngf1
Bc8 21. Nxg4 Nxg4 22. a4 f6 23. Bd2 Nxf2 24. Kxf2 Bg4 25. Re2 f5 26. exf5 gxf5
27. Nh2 f4 28. Kg1 Qb6+ 29. Kh1 Qd8 30. Qe1 Bxe2 31. Qxe2 Qxh4 32. Bg6 Rb8 33.
a5 Rf6 34. Be4 Rbf8 35. Rf1 Qg5 36. Rf3 h4 37. Be1 Rh6 38. Rh3 Bf6 39. Ng4 Rh8
40. Nxf6+ Rxf6 41. a6 f3 42. Bxf3 Rh7 43. Bd2 Qg7 44. Qe4 Rg6 45. Be1 Rgh6 46.
Qf5 Rf6 47. Qc8+ Rf8 48. Qe6+ Qf7 49. Rxh4 Qxe6 50. dxe6 Re8 51. Rxh7 Kxh7 52.
Bd5 Kg6 53. Bf2 Re7 54. Bh4 1-0

[Event "10. Torneo I. Cidade de Pontevedra 2022"]
[Site "Pontevedra ESP"]
[Date "2022.07.25"]
[Round "3.25"]
[White "Carballo Noya, Miguel"]
[Black "Vidal del Rio, Manuel"]
[Result "0-1"]
[WhiteElo "1910"]
[BlackElo "2092"]
[PlyCount "44"]
[EventDate "2022.07.24"]
[EventType "swiss"]
[EventRounds "9"]
[EventCountry "ESP"]
[SourceTitle "Ajedrez en Madrid"]
[Source "lmi"]
[SourceDate "2022.07.24"]
[SourceVersion "1"]
[SourceVersionDate "2022.08.06"]
[SourceQuality "1"]

1. e4 e5 2. Nf3 Nc6 3. d4 exd4 4. Nxd4 Nf6 5. Nxc6 bxc6 6. Bd3 d6 7. Nc3 Be7 8.
O-O O-O 9. h3 Nd7 10. Be3 Bf6 11. Qd2 Re8 12. Rab1 Nb6 13. f4 Bb7 14. b4 d5 15.
exd5 Bxc3 16. Qxc3 Nxd5 17. Bxh7+ Kh8 18. Qc5 Nxe3 19. Rfe1 Qd2 20. Qg5 Kxh7
21. Qh5+ Kg8 22. Re2 Qd5 0-1

[Event "10. Torneo I. Cidade de Pontevedra 2022"]
[Site "Pontevedra ESP"]
[Date "2022.07.25"]
[Round "3.26"]
[White "Pintor, Simao Maciel Abranc"]
[Black "Roque Sola, Andrea"]
[Result "1/2-1/2"]
[WhiteElo "2062"]
[BlackElo "1913"]
[PlyCount "100"]
[EventDate "2022.07.24"]
[EventType "swiss"]
[EventRounds "9"]
[EventCountry "ESP"]
[SourceTitle "Ajedrez en Madrid"]
[Source "lmi"]
[SourceDate "2022.07.24"]
[SourceVersion "1"]
[SourceVersionDate "2022.08.06"]
[SourceQuality "1"]

1. e4 c5 2. Nf3 d6 3. d4 cxd4 4. Nxd4 Nf6 5. Nc3 a6 6. Be3 e5 7. Nf3 Be7 8. Bc4
O-O 9. a4 Qc7 10. Bb3 Nbd7 11. a5 Nc5 12. Nd5 Nxd5 13. Bxd5 Be6 14. O-O Bxd5
15. Qxd5 Rac8 16. Bxc5 Qxc5 17. Qxb7 Rc7 18. Qxa6 Qxc2 19. Qb6 Rc6 20. Qa7 Rc7
21. Qe3 Qxb2 22. Rfb1 Qc3 23. Qxc3 Rxc3 24. a6 Ra8 25. Rb7 Bd8 26. a7 Rcc8 27.
Kf1 Kf8 28. Rab1 Ke8 29. Ng5 Rc7 30. Rxc7 Bxc7 31. Rb7 Kd7 32. Nxf7 Kc6 33. Rb3
Rxa7 34. Rd3 Bb8 35. Ng5 h6 36. Nf3 Ra1+ 37. Ke2 Bc7 38. Nd2 Ra4 39. Rc3+ Kd7
40. Nc4 Bd8 41. Kf3 Ke6 42. Ne3 Bb6 43. Nf5 Ra7 44. Rc8 Bc5 45. Re8+ Kf6 46.
Rd8 Ra2 47. Rf8+ Kg6 48. Rg8 Rxf2+ 49. Kg3 Re2 50. Rxg7+ Kf6 1/2-1/2

[Event "10. Torneo I. Cidade de Pontevedra 2022"]
[Site "Pontevedra ESP"]
[Date "2022.07.25"]
[Round "3.27"]
[White "Martinez Garcia, Ruben"]
[Black "Fernandez Rivero, Karla July"]
[Result "0-1"]
[WhiteElo "1992"]
[BlackElo "2058"]
[PlyCount "104"]
[EventDate "2022.07.24"]
[EventType "swiss"]
[EventRounds "9"]
[EventCountry "ESP"]
[SourceTitle "Ajedrez en Madrid"]
[Source "lmi"]
[SourceDate "2022.07.24"]
[SourceVersion "1"]
[SourceVersionDate "2022.08.06"]
[SourceQuality "1"]

1. e4 e5 2. Nf3 Nc6 3. Bc4 Nf6 4. d3 Be7 5. c3 d6 6. Nbd2 O-O 7. Nf1 Na5 8. Bb5
a6 9. Ba4 b5 10. Bc2 c5 11. Ne3 Nc6 12. O-O g6 13. a3 Re8 14. b4 a5 15. c4 axb4
16. cxb5 Nd4 17. Nxd4 exd4 18. Nc4 Bd7 19. Ba4 d5 20. exd5 Nxd5 21. Bd2 Nc3 22.
Bxc3 dxc3 23. Ne5 Bd6 24. Nxd7 Qxd7 25. axb4 cxb4 26. b6 Rxa4 27. Rxa4 Qe6 28.
Qb1 Qe5 29. g3 Qd5 30. Rc1 Re2 31. Rxb4 Qc5 32. d4 Qxb4 33. Qd3 Rd2 34. Qxc3
Rd1+ 35. Kg2 Rxc1 36. Qxc1 Qxb6 37. Qc4 Qb7+ 38. Kg1 Qb1+ 39. Kg2 Qe4+ 40. Kg1
Kg7 41. h4 Be5 42. Qc1 Bxd4 43. Qd2 Be5 44. h5 h6 45. hxg6 Kxg6 46. Qd8 Kg7 47.
Qd2 Qd4 48. Qe2 Bxg3 49. Kh1 Qh4+ 50. Kg2 Qh2+ 51. Kf3 Qxf2+ 52. Qxf2 Bxf2 0-1

[Event "10. Torneo I. Cidade de Pontevedra 2022"]
[Site "Pontevedra ESP"]
[Date "2022.07.25"]
[Round "3.28"]
[White "Andias, Joao Pedro Menezes"]
[Black "Macqueron, Gregory"]
[Result "1-0"]
[WhiteElo "2045"]
[BlackElo "1936"]
[PlyCount "107"]
[EventDate "2022.07.24"]
[EventType "swiss"]
[EventRounds "9"]
[EventCountry "ESP"]
[SourceTitle "Ajedrez en Madrid"]
[Source "lmi"]
[SourceDate "2022.07.24"]
[SourceVersion "1"]
[SourceVersionDate "2022.08.06"]
[SourceQuality "1"]

1. e4 e6 2. Qe2 c5 3. Nf3 Nc6 4. g3 g6 5. Bg2 Bg7 6. O-O Nge7 7. d3 O-O 8. c3
e5 9. a3 d6 10. b4 h6 11. Nbd2 Be6 12. Rb1 Qd7 13. Rd1 f5 14. Nb3 b6 15. b5 Na5
16. Nxa5 bxa5 17. c4 g5 18. exf5 Nxf5 19. Bb2 Rad8 20. Bc3 Rf7 21. Bxa5 g4 22.
Nd2 Nd4 23. Qe3 Rdf8 24. Ne4 Rf3 25. Qe1 Bf5 26. Rb2 Bxe4 27. Qxe4 Qf7 28. Qxg4
e4 29. Qxe4 Rf5 30. Bc3 Re5 31. Qg4 h5 32. Bxd4 Qe7 33. Bd5+ Kh8 34. Qg6 Rf6
35. Qxf6 Qxf6 36. Bxe5 Qxe5 37. Rbb1 Qc3 38. Re1 Bd4 39. Re8+ Kg7 40. Rbe1 Be5
41. Re2 h4 42. Rg8+ Kh7 43. Re4 Bf6 44. Kg2 Qxd3 45. Rf4 Qc3 46. Rf8 Bg5 47.
R4f7+ Kh6 48. Rxa7 Qe1 49. Rff7 h3+ 50. Kxh3 Qf1+ 51. Kg4 Qe2+ 52. Rf3 Qe8 53.
Kh3 Qe2 54. Kg2 1-0

[Event "10. Torneo I. Cidade de Pontevedra 2022"]
[Site "Pontevedra ESP"]
[Date "2022.07.25"]
[Round "3.30"]
[White "Alvarez Dominguez, Breixo"]
[Black "Martin Andres, Carlos"]
[Result "1-0"]
[WhiteElo "2026"]
[BlackElo "1924"]
[PlyCount "98"]
[EventDate "2022.07.24"]
[EventType "swiss"]
[EventRounds "9"]
[EventCountry "ESP"]
[SourceTitle "Ajedrez en Madrid"]
[Source "lmi"]
[SourceDate "2022.07.24"]
[SourceVersion "1"]
[SourceVersionDate "2022.08.06"]
[SourceQuality "1"]

{[%evp 0,55,23,23,23,-9,52,16,19,11,12,9,53,12,38,32,70,12,26,32,33,33,32,13,
74,65,73,73,88,89,75,64,96,103,137,108,110,94,98,102,138,138,138,138,136,132,
123,123,118,133,163,163,180,171,193,193,196,188]} 1. d4 Nf6 2. c4 g6 3. f3 Bg7
4. e4 d6 5. Nc3 e5 6. Nge2 Nc6 7. Be3 Nd7 8. Qd2 exd4 9. Nxd4 Nde5 10. Nxc6
Nxc6 11. Nd5 h6 12. Be2 Be6 13. O-O Qd7 14. Rac1 h5 15. Bg5 Bxd5 16. cxd5 Ne7
17. Rc4 O-O 18. Rfc1 c5 19. dxc6 bxc6 20. Bxe7 Qxe7 21. Rxc6 Qe5 22. b4 Qd4+
23. Qxd4 Bxd4+ 24. Kf1 Rfd8 25. Bc4 Rd7 26. Rd1 Bb6 27. e5 d5 28. Rxd5 Rxd5 29.
Bxd5 Rd8 30. Rxg6+ Kf8 31. Rd6 Ke7 32. g3 Rxd6 33. exd6+ Kxd6 34. Bxf7 h4 35.
Kg2 hxg3 36. hxg3 Ke5 37. a4 Kd4 38. a5 Bd8 39. a6 Ke5 40. b5 Kf5 41. Bd5 Ke5
42. Bc6 Kf5 43. f4 Bc7 44. Kf3 Kf6 45. g4 Ke6 46. g5 Bb6 47. Ke4 Kf7 48. f5 Bd8
49. f6 Kg6 1-0

[Event "10. Torneo I. Cidade de Pontevedra 2022"]
[Site "Pontevedra ESP"]
[Date "2022.07.25"]
[Round "3.31"]
[White "Bastos Gonzalez, Gonzalo"]
[Black "Alonso Pacheco, Luis Joaquin"]
[Result "1-0"]
[WhiteElo "1946"]
[BlackElo "1903"]
[PlyCount "83"]
[EventDate "2022.07.24"]
[EventType "swiss"]
[EventRounds "9"]
[EventCountry "ESP"]
[SourceTitle "Ajedrez en Madrid"]
[Source "lmi"]
[SourceDate "2022.07.24"]
[SourceVersion "1"]
[SourceVersionDate "2022.08.06"]
[SourceQuality "1"]

1. d4 d5 2. c4 e6 3. Nf3 Nf6 4. g3 g6 5. Bg2 Bg7 6. O-O O-O 7. Nc3 b6 8. cxd5
exd5 9. Bf4 c6 10. Rc1 Bb7 11. b4 b5 12. Ne5 Nh5 13. Qd2 Nxf4 14. Qxf4 f5 15.
h4 Nd7 16. Nxd7 Qxd7 17. Nxb5 Rab8 18. Nc3 Ba6 19. a3 Rfe8 20. Rfe1 Bc4 21. Qd2
a5 22. Na4 axb4 23. Nc5 Qa7 24. axb4 Qa3 25. Rb1 Ra8 26. e3 Qa2 27. Rb2 Qa3 28.
Bf1 Bxf1 29. Rxf1 Bf8 30. Rfb1 Reb8 31. Nd7 Rb5 32. Nxf8 Kxf8 33. Rc1 Rab8 34.
Rxc6 Rxb4 35. Rxb4 Rxb4 36. Qc2 Qa1+ 37. Kg2 Rb1 38. Qc5+ Kg7 39. Rc7+ Kh6 40.
Qf8+ Kh5 41. Rxh7+ Kg4 42. f3# 1-0

[Event "10. Torneo I. Cidade de Pontevedra 2022"]
[Site "Pontevedra ESP"]
[Date "2022.07.25"]
[Round "3.32"]
[White "Victor, Julian"]
[Black "Vela Ignacio, Jose Manuel"]
[Result "1-0"]
[WhiteElo "1944"]
[BlackElo "2026"]
[PlyCount "107"]
[EventDate "2022.07.24"]
[EventType "swiss"]
[EventRounds "9"]
[EventCountry "ESP"]
[SourceTitle "Ajedrez en Madrid"]
[Source "lmi"]
[SourceDate "2022.07.24"]
[SourceVersion "1"]
[SourceVersionDate "2022.08.06"]
[SourceQuality "1"]

1. d4 d5 2. c4 e6 3. Nf3 Nf6 4. g3 Be7 5. Bg2 O-O 6. O-O dxc4 7. Qc2 Nbd7 8.
Qxc4 Nb6 9. Qc2 Nbd5 10. a3 c6 11. Rd1 Qb6 12. e4 Nc7 13. Nc3 Nb5 14. e5 Nd7
15. Ne4 c5 16. dxc5 Bxc5 17. Rxd7 Bxf2+ 18. Nxf2 Bxd7 19. Ng5 g6 20. Nge4 Bc6
21. Nf6+ Kh8 22. Qd2 Rg8 23. Nxg8 Rd8 24. Qe3 Kxg8 25. Qxb6 axb6 26. Bxc6 bxc6
27. Bg5 Rd5 28. Bf6 h6 29. b4 Nd4 30. a4 Kh7 31. a5 bxa5 32. Rxa5 Rb5 33. Ra8
g5 34. g4 Nf3+ 35. Kg2 Nxe5 36. Bxe5 Rxe5 37. Rc8 Rb5 38. Nd3 Rd5 39. Nc5 Rd4
40. Na6 Rxg4+ 41. Kf3 Rc4 42. Ke3 Kg6 43. Kd3 Rc1 44. b5 Ra1 45. Rxc6 g4 46.
Nc5 h5 47. b6 h4 48. b7 Rb1 49. Rc8 g3 50. hxg3 h3 51. b8=Q Rd1+ 52. Ke2 h2 53.
Rg8+ Kf5 54. Qf4# 1-0

[Event "10. Torneo I. Cidade de Pontevedra 2022"]
[Site "Pontevedra ESP"]
[Date "2022.07.26"]
[Round "4.1"]
[White "Grigoryan, Karen H."]
[Black "Del Rio De Angelis, Salvador G."]
[Result "1-0"]
[WhiteElo "2643"]
[BlackElo "2442"]
[PlyCount "133"]
[EventDate "2022.07.24"]
[EventType "swiss"]
[EventRounds "9"]
[EventCountry "ESP"]
[SourceTitle "Ajedrez en Madrid"]
[Source "lmi"]
[SourceDate "2022.07.24"]
[SourceVersion "1"]
[SourceVersionDate "2022.08.06"]
[SourceQuality "1"]

1. e4 c5 2. Nf3 a6 3. c4 g6 4. d4 cxd4 5. Nxd4 Nf6 6. Nc3 d6 7. Be2 Bg7 8. Be3
O-O 9. O-O b6 10. f3 Bb7 11. a4 Nbd7 12. a5 e6 13. Nb3 Qc7 14. axb6 Nxb6 15.
Na5 Bc8 16. Qd2 Nbd7 17. b4 d5 18. exd5 Nxd5 19. Nxd5 exd5 20. Rac1 dxc4 21.
Bxc4 Nf6 22. Bd5 Nxd5 23. Rxc7 Nxc7 24. Bh6 Bxh6 25. Qxh6 Nd5 26. Qd2 Be6 27.
Nc6 Rfc8 28. Rc1 Rc7 29. Nd4 Rxc1+ 30. Qxc1 Rb8 31. Qc6 Rb6 32. Qe8+ Kg7 33.
Nxe6+ Rxe6 34. Qd8 Nf6 35. g4 h5 36. h3 hxg4 37. hxg4 Re5 38. Qd4 Rd5 39. Qc3
g5 40. Kf2 Kg6 41. Ke3 Rb5 42. Kd4 Rb6 43. Qc5 Re6 44. Qf5+ Kh6 45. Kc3 Rc6+
46. Kb3 Re6 47. Kc2 Rd6 48. Kc1 Rc6+ 49. Kd2 Rd6+ 50. Ke1 Re6+ 51. Kf2 Rc6 52.
f4 gxf4 53. g5+ Kg7 54. Qe5 Re6 55. Qa1 Kg6 56. gxf6 Rxf6 57. Kf3 Re6 58. Qh8
Rf6 59. Kg4 Rd6 60. Qh5+ Kf6 61. Qc5 Ke6 62. Kxf4 Kd7 63. Kf5 Rh6 64. Qf8 Rh5+
65. Kf6 Rb5 66. Qa8 Rxb4 67. Qd5+ 1-0

[Event "10. Torneo I. Cidade de Pontevedra 2022"]
[Site "Pontevedra ESP"]
[Date "2022.07.26"]
[Round "4.2"]
[White "Shyaamnikhil, P.."]
[Black "Grieve, Harry"]
[Result "1/2-1/2"]
[WhiteElo "2443"]
[BlackElo "2390"]
[PlyCount "112"]
[EventDate "2022.07.24"]
[EventType "swiss"]
[EventRounds "9"]
[EventCountry "ESP"]
[SourceTitle "Ajedrez en Madrid"]
[Source "lmi"]
[SourceDate "2022.07.24"]
[SourceVersion "1"]
[SourceVersionDate "2022.08.06"]
[SourceQuality "1"]

1. e4 c5 2. Nf3 e6 3. d4 cxd4 4. Nxd4 Nc6 5. Nc3 Qc7 6. Be3 a6 7. f4 b5 8. a3
Bb7 9. Nb3 d6 10. g4 Be7 11. h4 Nf6 12. g5 Nd7 13. Qd2 Rc8 14. Qf2 Na5 15. Nd2
O-O 16. Bg2 Nc4 17. Nxc4 Qxc4 18. Rd1 f5 19. exf5 Bxg2 20. Qxg2 Rxf5 21. Qb7
Qc6 22. Qxc6 Rxc6 23. Ne2 e5 24. c3 Rc4 25. fxe5 Rxe5 26. Bd4 Re4 27. Rh3 Ne5
28. Bxe5 Rxe5 29. Rd4 Rxd4 30. cxd4 Re4 31. Kd2 Kf7 32. Kd3 Rg4 33. Rf3+ Ke6
34. Re3+ Kd7 35. Re4 Rg2 36. d5 h6 37. gxh6 gxh6 38. a4 Bf6 39. axb5 axb5 40.
Rb4 Rh2 41. Rxb5 Rxh4 42. Nc3 Kc7 43. Ne4 Rh3+ 44. Kc4 Rh4 45. Kd3 Be5 46. Rb4
Rh3+ 47. Ke2 Rh2+ 48. Kf3 Rxb2 49. Rxb2 Bxb2 50. Kg2 Be5 51. Kh1 Kb6 52. Nxd6
Bxd6 53. Kg2 Kc5 54. Kh1 Kd4 55. Kg2 Ke3 56. Kh1 Kf2 1/2-1/2

[Event "10. Torneo I. Cidade de Pontevedra 2022"]
[Site "Pontevedra ESP"]
[Date "2022.07.26"]
[Round "4.4"]
[White "Contin, Daniel"]
[Black "Mendonca, Leon Luke"]
[Result "0-1"]
[WhiteElo "2206"]
[BlackElo "2567"]
[PlyCount "150"]
[EventDate "2022.07.24"]
[EventType "swiss"]
[EventRounds "9"]
[EventCountry "ESP"]
[SourceTitle "Ajedrez en Madrid"]
[Source "lmi"]
[SourceDate "2022.07.24"]
[SourceVersion "1"]
[SourceVersionDate "2022.08.06"]
[SourceQuality "1"]

1. Nf3 d5 2. c4 e6 3. b3 d4 4. g3 c5 5. Bg2 Nc6 6. O-O Nf6 7. e3 Bd6 8. exd4
cxd4 9. d3 O-O 10. a3 a5 11. Bg5 h6 12. Bxf6 Qxf6 13. Nbd2 Qe7 14. Qc1 e5 15.
Ne1 Bf5 16. Be4 Be6 17. Ng2 Rac8 18. f4 f5 19. Bxc6 bxc6 20. fxe5 Bxe5 21. Re1
Qf6 22. Nf3 Bd6 23. Ra2 Bf7 24. Rae2 Rfe8 25. Rxe8+ Rxe8 26. Rxe8+ Bxe8 27. c5
Be7 28. b4 axb4 29. axb4 Bf7 30. Qf4 Bd5 31. Nxd4 g5 32. Qe3 Bf8 33. h4 Bg7 34.
Ne2 Qa1+ 35. Qc1 Qxc1+ 36. Nxc1 Bc3 37. Ne2 Bxb4 38. Ne3 Be6 39. d4 Kf7 40. Kf2
Kf6 41. Kf3 Bd2 42. Kf2 Bf7 43. Nf1 Ba5 44. Ne3 Bb4 45. Nc2 Bd2 46. Ne3 Bb4 47.
Nc2 Ba5 48. Ne3 Bc7 49. hxg5+ hxg5 50. Nc3 Ba5 51. Ne2 Bb4 52. Nc2 Bd2 53. Ne3
Bb3 54. Nf1 Bb4 55. Ne3 Ke6 56. Nc1 Bd5 57. Ne2 Bd2 58. Nf1 Bb4 59. Ne3 Ba5 60.
Ng1 Bc3 61. Ne2 Bb2 62. Nd1 Ba1 63. Ne3 Be4 64. Nd1 Bd3 65. Nec3 Bc2 66. Ne3
Bxc3 67. Nxc2 Kd5 68. Ke3 Kc4 69. Na3+ Kd5 70. Nc2 Kc4 71. Na3+ Kb3 72. Nb1 Be1
73. Nd2+ Bxd2+ 74. Kxd2 Kc4 75. Ke3 Kd5 0-1